[Event "Campeonato Pan-Americano Sub-20 Absoluto"]
[Site "CXSP, São Paulo"]
[Date "2012.07.01"]
[Round "4.22"]
[White "Zarate, Fernandoh"]
[Black "Gotz, Klaus Seiji Furucho"]
[Result "1/2-1/2"]
[WhiteElo "1720"]
[BlackElo "1975"]
[PlyCount "85"]
[EventDate "2012.06.29"]

1. d4 Nf6 2. c4 g6 3. Nc3 Bg7 4. e4 d6 5. f3 O-O 6. Bg5 c5 7. d5 h6 8. Be3 e6
9. Qd2 exd5 10. cxd5 Re8 11. Nge2 Nbd7 12. Rc1 a6 13. a4 Ne5 14. b3 Nh5 15. Ng3
Qh4 16. Bf2 Nxg3 17. Bxg3 Qe7 18. Be2 f5 19. O-O fxe4 20. fxe4 Bd7 21. Nd1 b5
22. a5 Rf8 23. Ne3 Rxf1+ 24. Rxf1 Rf8 25. Rxf8+ Qxf8 26. h3 Qe7 27. Nc2 Nf7 28.
Bf3 Be5 29. Bxe5 Qxe5 30. h4 g5 31. Bh5 Qxe4 32. Bxf7+ Kxf7 33. hxg5 hxg5 34.
Ne3 Kg6 35. Qf2 Qf4 36. Qe2 Bf5 37. Nxf5 Qxf5 38. Qe8+ Qf7 39. Qc6 Qf4 40. Qxa6
Qe3+ 41. Kh2 Qf4+ 42. Kg1 Qe3+ 43. Kh2 1/2-1/2

[Event "Campeonato Pan-Americano Sub-20 Absolut"]
[Site "CXSP, São Paulo"]
[Date "2012.07.01"]
[Round "4.23"]
[White "Branchini, Fernando Luis Sakam"]
[Black "Jonas, Tiago Filipe Da Sil"]
[Result "1/2-1/2"]
[WhiteElo "1972"]
[BlackElo "1848"]
[PlyCount "73"]
[EventDate "2012.06.29"]

1. e4 c5 2. Nc3 Nc6 3. g3 g6 4. Bg2 Bg7 5. f4 d6 6. Nf3 e6 7. O-O Nge7 8. d3
O-O 9. Be3 Rb8 10. Qd2 b5 11. d4 d5 12. e5 c4 13. g4 Qa5 14. Nh4 b4 15. Ne2 f5
16. exf6 Bxf6 17. Nf3 Ba6 18. c3 Bg7 19. Ne5 Nxe5 20. fxe5 Rxf1+ 21. Bxf1 Nc6
22. Nf4 bxc3 23. bxc3 Bc8 24. Bg2 Kh8 25. Qc2 Bd7 26. Rf1 Ne7 27. Bd2 Ba4 28.
Qc1 Bd7 29. Qa1 Qa3 30. Rb1 Rb6 31. Rxb6 axb6 32. Qb1 b5 33. Qc2 Qa7 34. Qb2
Bxe5 35. Qb4 Bf6 36. Qd6 Bxd4+ 37. Kf1 1/2-1/2

[Event "Campeonato Pan-Americano Sub-20 Absoluto"]
[Site "CXSP, São Paulo"]
[Date "2012.07.01"]
[Round "4.24"]
[White "Chiari, Arthur Gontijo"]
[Black "Stone, Ronnie Frank Pires"]
[Result "1-0"]
[WhiteElo "2008"]
[BlackElo "1946"]
[PlyCount "37"]
[EventDate "2012.06.29"]

1. e4 c5 2. Nf3 d6 3. d4 cxd4 4. Nxd4 Nf6 5. Nc3 a6 6. Qf3 g6 7. h3 Bg7 8. Be3
O-O 9. O-O-O Qc7 10. g4 Nc6 11. Qg2 Ne5 12. g5 Nh5 13. Be2 Nc4 14. Nd5 Nxe3 15.
Nxc7 Nxg2 16. Nxa8 Nhf4 17. Bf1 Bxh3 18. Nb6 Bg4 19. Rd2 1-0

[Event "Campeonato Pan-Americano Sub-20 Absoluto"]
[Site "CXSP, São Paulo"]
[Date "2012.07.01"]
[Round "4.25"]
[White "Amato De Vercosa Cha, Joao Pedr"]
[Black "Gomes Silverio, Taua"]
[Result "1-0"]
[WhiteElo "1851"]
[BlackElo "1665"]
[PlyCount "49"]
[EventDate "2012.06.29"]

1. e4 e5 2. Nf3 Nc6 3. g3 Nf6 4. d3 Bc5 5. Bg2 d6 6. c3 Bg4 7. h3 Bh5 8. Nbd2
d5 9. Qb3 Rb8 10. Qb5 dxe4 11. Nxe5 Qd6 12. Nxc6 O-O 13. d4 e3 14. Nxb8 exf2+
15. Kf1 Bxd4 16. Nd7 Nxd7 17. Qxh5 Re8 18. Ne4 Nf6 19. cxd4 Nxe4 20. Bxe4 Rxe4
21. Kxf2 Qxd4+ 22. Kg2 Qd3 23. Rf1 Re2+ 24. Rf2 Qe4+ 25. Qf3 1-0

[Event "Campeonato Pan-Americano Sub-20 Absoluto"]
[Site "CXSP, São Paulo"]
[Date "2012.07.01"]
[Round "4.26"]
[White "Japiassu, Ricardo De Villa Nov"]
[Black "De Carvalho Machado, Fernando"]
[Result "1-0"]
[WhiteElo "1900"]
[BlackElo "1846"]
[PlyCount "35"]
[EventDate "2012.06.29"]

1. Nf3 Nf6 2. c4 d6 3. Nc3 g6 4. g3 Bg7 5. Bg2 O-O 6. O-O e5 7. d3 c6 8. Rb1
Qc7 9. Nd2 Be6 10. b4 Nbd7 11. b5 d5 12. a4 Rfd8 13. Qc2 Rac8 14. bxc6 bxc6 15.
Ba3 Ne8 16. Be7 Nd6 17. Bxd8 Rxd8 18. Rfd1 1-0

[Event "Campeonato Pan-Americano Sub-20 Absoluto"]
[Site "CXSP, São Paulo"]
[Date "2012.07.01"]
[Round "5.1"]
[White "Leiva, Giuseppe"]
[Black "Gemy, Jose Daniel"]
[Result "0-1"]
[WhiteElo "2232"]
[BlackElo "2345"]
[PlyCount "84"]
[EventDate "2012.06.29"]

1. d4 d5 2. Nf3 Nf6 3. c4 c6 4. Qc2 g6 5. Bf4 Be6 6. cxd5 cxd5 7. Qb3 Qb6 8.
Qxb6 axb6 9. Nc3 Bd7 10. e3 Bc6 11. Nb5 Na6 12. Rc1 Nd7 13. Ne5 Nxe5 14. Bxe5
f6 15. Bc7 Nb8 16. a3 Nd7 17. Bg3 Kf7 18. Nc7 Ra7 19. b4 e5 20. b5 Bxa3 21. Rb1
Bd6 22. bxc6 bxc6 23. Na6 Rha8 24. f3 b5 25. Nc5 Nxc5 26. dxc5 Bxc5 27. e4 Ra1
28. Bd3 Bb4+ 29. Kd1 R8a3 30. Bc2 Rxb1+ 31. Bxb1 d4 32. Be1 Ra1 33. Kc2 Ba3 34.
Bc3 dxc3 35. Kxc3 Ke7 36. Rd1 Bc5 37. Kb2 Bd4+ 38. Kb3 c5 39. Bc2 c4+ 40. Kb4
Ra2 41. Bb1 Rb2+ 42. Ka5 Kd6 0-1

[Event "Campeonato Pan-Americano Sub-20 Absoluto"]
[Site "CXSP, São Paulo"]
[Date "2012.07.01"]
[Round "5.2"]
[White "Henriquez Villagra, Cristobal"]
[Black "Zavarce, Oscar Enrique"]
[Result "1-0"]
[WhiteElo "2324"]
[BlackElo "2192"]
[PlyCount "111"]
[EventDate "2012.06.29"]

1. c4 c5 2. Nc3 Nf6 3. g3 Nc6 4. Bg2 e6 5. e3 d5 6. cxd5 Nxd5 7. a3 Be7 8. Nge2
Nxc3 9. bxc3 O-O 10. O-O c4 11. Nd4 Ne5 12. f4 Nd3 13. Be4 Nc5 14. Bf3 Qa5 15.
Rb1 Qa6 16. Nb5 Rb8 17. Qe2 Nd3 18. Be4 Bd7 19. Bxd3 Bxb5 20. Bxh7+ Kxh7 21.
Qh5+ Kg8 22. Qxb5 Qxb5 23. Rxb5 a6 24. Re5 Rbc8 25. f5 Bf6 26. Re4 e5 27. g4
Rc5 28. Kg2 Rfc8 29. Kf2 Be7 30. Rg1 f6 31. h4 Kf7 32. a4 Ra5 33. g5 fxg5 34.
hxg5 Bd6 35. Kf3 b5 36. axb5 Rxb5 37. Reg4 e4+ 38. Rxe4 Rxf5+ 39. Ke2 a5 40.
g6+ Kf6 41. Rgg4 Rc6 42. Rxc4 Rxc4 43. Rxc4 Kxg6 44. e4 Rc5 45. Rd4 Rc6 46. Ra4
Bc7 47. c4 Bb6 48. Bb2 Rd6 49. Ra3 Kf7 50. Bc3 Re6 51. d3 g5 52. Bxa5 Bc5 53.
Rb3 g4 54. Rb7+ Kf6 55. Bc3+ Kg5 56. Rb5 1-0

[Event "Campeonato Pan-Americano Sub-20 Absoluto"]
[Site "CXSP, São Paulo"]
[Date "2012.07.01"]
[Round "5.5"]
[White "Santiago, Yago De Moura"]
[Black "Caetano, Hugo Zanotti Mendonc"]
[Result "1-0"]
[WhiteElo "2347"]
[BlackElo "2047"]
[PlyCount "87"]
[EventDate "2012.06.29"]

1. e4 c5 2. Nf3 Nc6 3. Nc3 g6 4. d4 cxd4 5. Nxd4 Bg7 6. Be3 Nf6 7. Bc4 O-O 8.
Bb3 Qa5 9. O-O Ng4 10. Qxg4 Nxd4 11. Nd5 Nc6 12. c3 e6 13. Nf4 d5 14. exd5 e5
15. Qf3 exf4 16. dxc6 fxe3 17. cxb7 exf2+ 18. Rxf2 Bxb7 19. Qxb7 Rab8 20. Qd5
Qb6 21. Raf1 Rbd8 22. Qg5 Kh8 23. Kh1 f5 24. Rf3 Bf6 25. Qc1 Be5 26. Re1 Qc7
27. Qh6 Bg7 28. Qe3 Bf6 29. Rh3 Qg7 30. Qf4 Rd7 31. Rhe3 Rdd8 32. Re6 Qd7 33.
c4 a5 34. c5 Rc8 35. Qc4 Bxb2 36. Rd1 Qa7 37. c6 Rc7 38. Qh4 Qc5 39. Rd7 Rxd7
40. cxd7 Qc1+ 41. Re1 Qd2 42. Rd1 Qxd1+ 43. Bxd1 Bf6 44. Qxf6+ 1-0

[Event "Campeonato Pan-Americano Sub-20 Absoluto"]
[Site "CXSP, São Paulo"]
[Date "2012.07.01"]
[Round "5.7"]
[White "Torres, Juan Camilo"]
[Black "Devescovi Parreira, Pedro Paulo"]
[Result "1-0"]
[WhiteElo "2337"]
[BlackElo "2085"]
[PlyCount "63"]
[EventDate "2012.06.29"]

1. d4 Nf6 2. c4 g6 3. Nf3 Bg7 4. Nc3 O-O 5. g3 d6 6. Bg2 Nc6 7. O-O a6 8. b3
Bd7 9. h3 h5 10. Be3 Qc8 11. Kh2 e5 12. Rc1 Re8 13. dxe5 dxe5 14. Nd5 Rd8 15.
Bg5 Nxd5 16. cxd5 f6 17. dxc6 Bxc6 18. Bd2 e4 19. Ng1 Qe6 20. Qc2 Rd7 21. Rfd1
Rad8 22. Bf4 Bd5 23. h4 Bf8 24. f3 f5 25. fxe4 Bxe4 26. Bxe4 Rxd1 27. Rxd1 Rxd1
28. Qxd1 Qxe4 29. Qd3 c5 30. Qxe4 fxe4 31. Nh3 Be7 32. Nf2 1-0

[Event "Campeonato Pan-Americano Sub-20 Absoluto"]
[Site "CXSP, São Paulo"]
[Date "2012.07.01"]
[Round "5.8"]
[White "Mandetta, Joao Danilo"]
[Black "Espinoza Palomino, Willyam"]
[Result "1/2-1/2"]
[WhiteElo "2132"]
[BlackElo "2327"]
[PlyCount "106"]
[EventDate "2012.06.29"]

1. c4 e5 2. g3 Nf6 3. Bg2 d5 4. cxd5 Nxd5 5. Nc3 Nb6 6. Nf3 Nc6 7. O-O Be7 8.
b3 O-O 9. Bb2 Be6 10. d3 f5 11. Nd2 Qd7 12. Nc4 Bf6 13. a4 Nd5 14. a5 Nxc3 15.
Bxc3 Bd5 16. b4 Bxg2 17. Kxg2 Nd4 18. Bxd4 exd4 19. Qb3 Qd5+ 20. Kg1 Rfe8 21.
Rfe1 a6 22. Nd2 Rad8 23. Rac1 c6 24. Rc5 Qxb3 25. Nxb3 g6 26. Kf1 Re7 27. Rec1
Kf7 28. R1c2 h5 29. R5c4 Rd5 30. Rc5 Rd6 31. R5c4 Rd5 32. Rc5 Rd6 33. R5c4 Kg7
34. Rc5 h4 35. Ra2 Kf7 36. Rac2 Ke8 37. R5c4 Kd7 38. Rc5 Kd8 39. R5c4 Kc8 40.
Nc5 Rc7 41. e3 Kb8 42. e4 Rf7 43. Re2 fxe4 44. Nxe4 Rd5 45. Nxf6 Rxf6 46. Re8+
Ka7 47. f4 hxg3 48. hxg3 g5 49. Re4 gxf4 50. Rxf4 Rfd6 51. Ke2 Rd7 52. Kf3 Kb8
53. Re4 R5d6 1/2-1/2

[Event "Campeonato Pan-Americano Sub-20 Absoluto"]
[Site "CXSP, São Paulo"]
[Date "2012.07.01"]
[Round "5.9"]
[White "Goncalves, Ivan Mesquita V"]
[Black "Quintiliano Pinto, Renato R"]
[Result "1/2-1/2"]
[WhiteElo "2100"]
[BlackElo "2272"]
[PlyCount "58"]
[EventDate "2012.06.29"]

1. Nf3 c5 2. c4 Nc6 3. d4 cxd4 4. Nxd4 g6 5. e4 Nf6 6. Nc3 Bg7 7. Be3 d6 8. Be2
O-O 9. O-O Bd7 10. Qd2 Nxd4 11. Bxd4 Bc6 12. f3 Nd7 13. Be3 a5 14. b3 Nc5 15.
Rab1 Be5 16. Bh6 Qb6 17. Kh1 Qb4 18. Nd5 Bxd5 19. cxd5 Bg7 20. Be3 Rfc8 21. a4
Qa3 22. Bxc5 Qxc5 23. Bc4 Rc7 24. f4 Qd4 25. Qxd4 Bxd4 26. Rbe1 Rac8 27. e5 Kg7
28. Re4 Bb2 29. Re2 Bd4 1/2-1/2

[Event "Campeonato Pan-Americano Sub-20 Absolut"]
[Site "CXSP, São Paulo"]
[Date "2012.07.01"]
[Round "5.10"]
[White "Gaitan, Juan Manuel"]
[Black "Vasconcelos, Paulo Cesar Da S"]
[Result "1-0"]
[WhiteElo "2271"]
[BlackElo "1842"]
[PlyCount "83"]
[EventDate "2012.06.29"]

1. d4 f5 2. g3 d6 3. Bg2 Nf6 4. Nc3 g6 5. Nh3 Bg7 6. d5 O-O 7. Nf4 Qe8 8. h4 c6
9. h5 g5 10. h6 gxf4 11. hxg7 Rf7 12. Bxf4 Rxg7 13. Qd3 Na6 14. dxc6 Nc5 15.
Qb5 e5 16. cxb7 Bxb7 17. Qxe8+ Rxe8 18. Bxb7 Rxb7 19. Bc1 d5 20. Rh6 Ncd7 21.
Bg5 Ng4 22. Rd6 d4 23. Nd5 Nb6 24. Nxb6 Rxb6 25. Rxb6 axb6 26. f3 Ne3 27. Bxe3
dxe3 28. Rd1 Re6 29. Kf1 f4 30. Rd8+ Kg7 31. gxf4 exf4 32. Rd4 Rf6 33. c4 Kg6
34. b4 Kg5 35. a4 Kh4 36. Kg2 h5 37. c5 bxc5 38. bxc5 Rg6+ 39. Kh2 Kg5 40. Rd5+
Kh4 41. Rd4 Rg3 42. Rc4 1-0

[Event "Campeonato Pan-Americano Sub-20 Absolut"]
[Site "CXSP, São Paulo"]
[Date "2012.07.01"]
[Round "5.11"]
[White "Finol Berrueta, David Emmanuel"]
[Black "Araujo, Renan Aparecido"]
[Result "1-0"]
[WhiteElo "2210"]
[BlackElo "1878"]
[PlyCount "90"]
[EventDate "2012.06.29"]

1. e4 c5 2. c3 g6 3. d4 cxd4 4. cxd4 d5 5. e5 Bg7 6. Nc3 Nc6 7. Bb5 a6 8. Bxc6+
bxc6 9. Nf3 Bg4 10. O-O Nh6 11. Bf4 Nf5 12. Be3 Nh4 13. Qa4 Nxf3+ 14. gxf3 Bd7
15. Qa3 O-O 16. Kg2 f6 17. f4 Qc8 18. Rg1 fxe5 19. fxe5 Bh3+ 20. Kh1 Qf5 21.
Rg3 Rf7 22. Qb3 h5 23. Qd1 Bg4 24. Qb1 Qxb1+ 25. Rxb1 Bf3+ 26. Kg1 Kh7 27. Na4
Bh6 28. Nb6 Rb8 29. Nd7 Rd8 30. e6 Rf5 31. Bxh6 Kxh6 32. Ne5 Be4 33. Rc1 Rxe5
34. dxe5 d4 35. Kf1 d3 36. Rd1 c5 37. b3 Rd4 38. Re3 Bf5 39. Ree1 a5 40. Rd2
Rf4 41. f3 Rh4 42. Red1 Kg5 43. Rxd3 Bxd3+ 44. Rxd3 Kf5 45. a4 Kxe6 {ilegivel}
1-0

[Event "Campeonato Pan-Americano Sub-20 Absolut"]
[Site "CXSP, São Paulo"]
[Date "2012.07.01"]
[Round "5.12"]
[White "Lopez, Jasel"]
[Black "Sztokbant, Bernardo Vainzoff"]
[Result "1/2-1/2"]
[WhiteElo "2152"]
[BlackElo "2093"]
[PlyCount "39"]
[EventDate "2012.06.29"]

1. d4 Nf6 2. Nf3 e6 3. c4 d5 4. cxd5 exd5 5. Bg5 Bb4+ 6. Nc3 O-O 7. e3 h6 8.
Bxf6 Qxf6 9. Be2 c6 10. O-O a5 11. a3 Bd6 12. Rc1 Qe7 13. Qc2 Bg4 14. h3 Bh5
15. Na4 Nd7 16. Nc5 Nxc5 17. dxc5 Bc7 18. b4 axb4 19. axb4 f5 20. b5 1/2-1/2

[Event "Campeonato Pan-Americano Sub-20 Absoluto"]
[Site "CXSP, São Paulo"]
[Date "2012.07.01"]
[Round "5.15"]
[White "De Almeida, Heitor"]
[Black "Goncalves, Leonardo Yamamoto Po"]
[Result "1/2-1/2"]
[WhiteElo "2033"]
[BlackElo "1848"]
[PlyCount "109"]
[EventDate "2012.06.29"]

1. d4 g6 2. e4 Bg7 3. c3 d6 4. Bg5 h6 5. Bh4 g5 6. Bg3 Nf6 7. Nd2 Nbd7 8. Bd3
c5 9. Ngf3 a6 10. O-O b5 11. e5 dxe5 12. dxe5 Nh5 13. Be4 Nxg3 14. fxg3 Nb6 15.
Bxa8 Nxa8 16. Qe2 Be6 17. b3 Qc7 18. a4 bxa4 19. Rxa4 g4 20. Ne1 Qxe5 21. Qxe5
Bxe5 22. Nc4 Bxc3 23. Rxa6 Bd4+ 24. Kh1 O-O 25. Nc2 Nc7 26. Rc6 Nb5 27. Nxd4
Nxd4 28. Rxc5 Nxb3 29. Rc7 Re8 30. Ne5 f6 31. Ng6 Kf7 32. Nf4 Nd4 33. Nh5 Kg8
34. Rd1 Bf7 35. Rxd4 Bxh5 36. h3 gxh3 37. gxh3 Bg6 38. Kg2 Kf7 39. Kf2 Rb8 40.
Rdd7 Re8 41. h4 Bf5 42. Rd5 Be4 43. Rd4 Bg6 44. Ke3 Bf5 45. Kf4 Bg6 46. Rdd7
Kf8 47. g4 Bh7 48. Ke3 Kf7 49. Ra7 Kf8 50. Kf4 Kf7 51. g5 hxg5+ 52. hxg5 Bg6
53. gxf6 Kxf6 54. Ra6+ e6 55. Rdd6 1/2-1/2

[Event "Campeonato Pan-Americano Sub-20 Absoluto"]
[Site "CXSP, São Paulo"]
[Date "2012.07.01"]
[Round "5.16"]
[White "Takeda, Lucas Koji"]
[Black "Vizzotto, Bernardo"]
[Result "1/2-1/2"]
[WhiteElo "1902"]
[BlackElo "2006"]
[PlyCount "95"]
[EventDate "2012.06.29"]

1. d4 Nf6 2. Nf3 e6 3. c4 d5 4. cxd5 exd5 5. Bg5 Bb4+ 6. Nc3 O-O 7. e3 h6 8.
Bxf6 Qxf6 9. Be2 c6 10. O-O a5 11. a3 Bd6 12. Rc1 Qe7 13. Qc2 Bg4 14. h3 Bh5
15. Na4 Nd7 16. Nc5 Nxc5 17. dxc5 Bc7 18. b4 axb4 19. axb4 f5 20. b5 f4 21.
exf4 Bxf4 22. Rce1 Qf6 23. bxc6 bxc6 24. Rd1 Bxf3 25. Bxf3 Bc7 26. Bg4 h5 27.
Be2 Qe5 28. g3 h4 29. Rd3 hxg3 30. fxg3 Rxf1+ 31. Bxf1 Qg5 32. Kg2 Rb8 33. Be2
Qe5 34. Rc3 Ba5 35. Rd3 Rb2 36. Re3 Qxe3 37. Qxb2 Bc7 38. Bf3 Qxc5 39. Qe2 Qd6
40. Qe1 Bb6 41. Bg4 Kf7 42. Qb1 Bc5 43. Bh5+ g6 44. Bg4 Qe7 45. Qf1+ Kg7 46.
Qf3 Qe1 47. h4 Bd6 48. h5 1/2-1/2

[Event "Campeonato Pan-Americano Sub-20 Absoluto"]
[Site "CXSP, São Paulo"]
[Date "2012.07.01"]
[Round "5.17"]
[White "Olivares Olivares, Claudio"]
[Black "Amato De Vercosa Cha, Joao Pedr"]
[Result "1-0"]
[WhiteElo "2251"]
[BlackElo "1851"]
[PlyCount "53"]
[EventDate "2012.06.29"]

1. e4 c5 2. Nf3 d6 3. d4 cxd4 4. Nxd4 Nf6 5. Nc3 a6 6. Bc4 e6 7. Bb3 b5 8. O-O
Be7 9. Qf3 Qb6 10. Be3 Qb7 11. Qg3 Nh5 12. Qg4 g6 13. Qf3 Nd7 14. Nd5 exd5 15.
Bxd5 Ne5 16. Qe2 Qb8 17. f4 Bg4 18. Qe1 Nc4 19. Nc6 Qc8 20. Bd4 Nf6 21. Nxe7
Kxe7 22. Qh4 Rf8 23. Bxf6+ Ke8 24. Bxa8 Qxa8 25. Qxg4 Ne3 26. Qe2 Qa7 27. Qf2
1-0

[Event "Campeonato Pan-Americano Sub-20 Absoluto"]
[Site "CXSP, São Paulo"]
[Date "2012.07.01"]
[Round "5.18"]
[White "De Carvalho, Igor Lorenzon"]
[Black "Garkauskas, Otto Dmitry"]
[Result "1-0"]
[WhiteElo "1867"]
[BlackElo "2086"]
[PlyCount "131"]
[EventDate "2012.06.29"]

1. d4 d5 2. c4 c6 3. cxd5 cxd5 4. Nf3 Nf6 5. Nc3 Nc6 6. Bf4 Bf5 7. e3 e6 8. Bb5
Nd7 9. Qa4 Rc8 10. O-O a6 11. Bxc6 Rxc6 12. Rfc1 Qc8 13. Nh4 Bg4 14. h3 Bh5 15.
g4 Rc4 16. Qd1 Bg6 17. Nxg6 hxg6 18. Kg2 Be7 19. Ne2 O-O 20. b3 Rc6 21. a4 Nb8
22. Qd3 Rxc1 23. Rxc1 Nc6 24. f3 Qd7 25. Bg3 Rd8 26. Qb1 Nb4 27. Rc7 Qe8 28.
Qc1 b5 29. axb5 axb5 30. Qa3 Ra8 31. Rxe7 Rxa3 32. Rxe8+ Kh7 33. Nc1 Ra1 34.
Rc8 Rb1 35. h4 Rb2+ 36. Kh3 Nc2 37. Nd3 Rxb3 38. Rxc2 Rxd3 39. Bf4 e5 40. dxe5
d4 41. Kg3 Rc3 42. Rd2 d3 43. e4 b4 44. Kf2 b3 45. Ke3 Kg8 46. Rb2 d2+ 47. Kxd2
Rxf3 48. Be3 Rg3 49. g5 Rg4 50. Kd3 Kf8 51. Rxb3 Rxh4 52. Bc5+ Ke8 53. Rb8+ Kd7
54. Rf8 Rf4 55. Rg8 Ke6 56. Kd4 Rf1 57. Bd6 Rd1+ 58. Ke3 Re1+ 59. Kd3 Rf1 60.
Rxg7 Rg1 61. Rg8 Rf1 62. Ra8 Rf3+ 63. Kd4 Rf1 64. Ra7 Rd1+ 65. Ke3 Rd3+ 66.
Kxd3 1-0

[Event "Campeonato Pan-Americano Sub-20 Absoluto"]
[Site "CXSP, São Paulo"]
[Date "2012.07.01"]
[Round "5.19"]
[White "Massarioli, Felipe Alvarenga"]
[Black "Nolasco, Vitor"]
[Result "1-0"]
[WhiteElo "2027"]
[BlackElo "1918"]
[PlyCount "103"]
[EventDate "2012.06.29"]

1. d4 d5 2. c4 c6 3. Nc3 Nf6 4. Bg5 e6 5. e3 Nbd7 6. Nf3 Qa5 7. Bxf6 Nxf6 8.
cxd5 exd5 9. Bd3 Bd6 10. h3 O-O 11. O-O Re8 12. Qc2 Bd7 13. a3 Qc7 14. Rfc1
Rac8 15. e4 dxe4 16. Nxe4 Nxe4 17. Bxe4 h6 18. Re1 Be6 19. Bh7+ Kh8 20. Bf5
Bxf5 21. Qxf5 Red8 22. Ne5 Bxe5 23. dxe5 Qd7 24. e6 fxe6 25. Rxe6 Qd5 26. Qxd5
Rxd5 27. Re7 b6 28. Rb7 c5 29. Re1 Rd2 30. Ree7 Rg8 31. Rxa7 Rxb2 32. Rab7 Rb3
33. Rec7 Rxa3 34. Rxb6 Ra1+ 35. Kh2 Rf8 36. f3 Rf5 37. Rg6 Rf6 38. Rcxg7 Rxg6
39. Rxg6 Kh7 40. Rc6 Rc1 41. g4 c4 42. Kg3 c3 43. Kf4 Rh1 44. Kf5 c2 45. Rc7+
Kg8 46. Rxc2 Rxh3 47. Kg6 Rxf3 48. Rc8+ Rf8 49. Rxf8+ Kxf8 50. Kxh6 Kg8 51. g5
Kh8 52. g6 1-0

[Event "Campeonato Pan-Americano Sub-20 Absoluto"]
[Site "CXSP, São Paulo"]
[Date "2012.07.01"]
[Round "5.20"]
[White "Jonas, Tiago Filipe Da Silv"]
[Black "Chiari, Arthur Gontijo"]
[Result "0-1"]
[WhiteElo "1848"]
[BlackElo "2008"]
[PlyCount "70"]
[EventDate "2012.06.29"]

1. e4 c5 2. Nf3 d6 3. d4 cxd4 4. Nxd4 Nf6 5. Nc3 a6 6. h3 e6 7. g4 b5 8. Bg2
Bb7 9. g5 Nfd7 10. f4 Nc6 11. Be3 Be7 12. h4 O-O 13. Qg4 Nxd4 14. Bxd4 e5 15.
Be3 exf4 16. Bxf4 Ne5 17. Qg3 Rc8 18. O-O-O Qc7 19. Bh3 b4 20. Bxc8 Rxc8 21.
Bd2 Bxe4 22. Rhe1 Bg6 23. Kb1 bxc3 24. Bxc3 Nc4 25. Qh3 Rb8 26. b3 Na3+ 27. Kb2
Nb5 28. Re3 d5 29. Rxd5 Ba3+ 30. Ka1 Rc8 31. h5 Bxc2 32. Rd2 Bxb3 33. axb3 Nxc3
34. h6 Bb4 35. Re5 Nb5 0-1

[Event "Campeonato Pan-Americano Sub-20 Absoluto"]
[Site "CXSP, São Paulo"]
[Date "2012.07.01"]
[Round "5.21"]
[White "Gotz, Klaus Seiji Furucho"]
[Black "Oliveira, Guilherme Martins G"]
[Result "1-0"]
[WhiteElo "1975"]
[BlackElo "1729"]
[PlyCount "53"]
[EventDate "2012.06.29"]

1. d4 Nf6 2. c4 e6 3. Nf3 d5 4. Nc3 c6 5. cxd5 exd5 6. Qc2 Bg4 7. Ne5 Be6 8.
Bg5 Be7 9. e3 h6 10. Bh4 O-O 11. Bd3 a5 12. O-O Nbd7 13. f4 Nxe5 14. fxe5 Ng4
15. Bxe7 Qxe7 16. Qe2 h5 17. h3 Nh6 18. Qxh5 Qd7 19. Rf3 Kh8 20. Rf6 Kg8 21.
Rf3 Qe7 22. Rg3 Kh8 23. Rf1 Rfe8 24. Rf6 Qf8 25. Rxg7 Qxg7 26. Rxh6+ Kg8 27.
Rh7 1-0

[Event "Campeonato Pan-Americano Sub-20 Absoluto"]
[Site "CXSP, São Paulo"]
[Date "2012.07.01"]
[Round "5.23"]
[White "Awoki, Daniel Teidi"]
[Black "Zarate, Fernandoh"]
[Result "0-1"]
[WhiteElo "1907"]
[BlackElo "1720"]
[PlyCount "90"]
[EventDate "2012.06.29"]

1. e4 c6 2. d4 d5 3. exd5 cxd5 4. c4 Nf6 5. Bg5 Ne4 6. Be3 dxc4 7. Bxc4 e6 8.
Nf3 Be7 9. Nc3 Nxc3 10. bxc3 O-O 11. O-O Nd7 12. Bf4 a6 13. a4 Nf6 14. Qe2 Bd7
15. Rfb1 Bc6 16. Ne5 Be4 17. Rb2 Rc8 18. Bd2 Qc7 19. f3 Bd5 20. Bd3 Nd7 21.
Nxd7 Qxd7 22. Be4 Bc4 23. Qe1 b5 24. axb5 axb5 25. Qg3 b4 26. Bh6 Bf6 27. Rxb4
Bxd4+ 28. Kh1 Bxc3 29. Rc1 Kh8 30. f4 Ba2 31. h3 Qd2 32. Rc2 Qd1+ 33. Kh2 Bd4
34. Bxg7+ Bxg7 35. Rxa2 Rc1 36. Qe3 Qh1+ 37. Kg3 Rc3 38. Bd3 Rxd3 39. Qxd3 Qe1+
40. Kh2 Qxb4 41. Qf3 e5 42. fxe5 Bxe5+ 43. g3 Rg8 44. Rg2 Qe1 45. Rg1 Qxg1+ 0-1

[Event "Campeonato Pan-Americano Sub-20 Absolut"]
[Site "CXSP, São Paulo"]
[Date "2012.07.01"]
[Round "5.24"]
[White "Barros, Guilherme Wang De F"]
[Black "Japiassu, Ricardo De Villa No"]
[Result "1/2-1/2"]
[WhiteElo "2036"]
[BlackElo "1900"]
[PlyCount "83"]
[EventDate "2012.06.29"]

1. f4 d5 2. Nf3 Bf5 3. e3 e6 4. b3 Nd7 5. Bb2 Ngf6 6. Be2 h6 7. O-O Bd6 8. Ne5
Qe7 9. c4 c6 10. a4 O-O-O 11. d4 Rdg8 12. Ba3 Bxa3 13. Nxa3 g5 14. c5 gxf4 15.
exf4 Nxe5 16. fxe5 Ng4 17. Qd2 Nxh2 18. Rxf5 exf5 19. Qf4 Ng4 20. Bd3 Qg5 21.
Rf1 Qxf4 22. Rxf4 Kd8 23. Nc2 Rg5 24. Bxf5 Rhg8 25. b4 Kc7 26. b5 h5 27. Rf3
Nh6 28. Bh3 Ng4 29. Nb4 Re8 30. Nd3 Rb8 31. Nb4 Rc8 32. Nd3 Rcg8 33. Nb4 R8g6
34. Nd3 Rg7 35. Nb4 Kd7 36. Kf1 Kc7 37. Ke2 Nh6 38. Rf6 R7g6 39. Rf1 Rg3 40.
Nd3 Rg7 41. Rf6 R3g6 42. Rf3 1/2-1/2

[Event "Campeonato Pan-Americano Sub-20 Absolut"]
[Site "CXSP, São Paulo"]
[Date "2012.07.01"]
[Round "5.25"]
[White "Cajahuanca Ramirez, Olindo"]
[Black "Sergio Filho, Claudio Santos"]
[Result "1/2-1/2"]
[WhiteElo "1865"]
[BlackElo "1920"]
[PlyCount "92"]
[EventDate "2012.06.29"]

1. d4 Nf6 2. c4 g6 3. Nc3 Bg7 4. e4 d6 5. Nf3 O-O 6. Be2 e5 7. O-O Nc6 8. d5
Ne7 9. b4 Nh5 10. a4 Nf4 11. Ba3 Nxe2+ 12. Qxe2 h6 13. c5 f5 14. Nd2 f4 15.
Rfc1 a6 16. h3 g5 17. b5 f3 18. Nxf3 g4 19. Nh2 gxh3 20. g3 Ng6 21. cxd6 cxd6
22. Qe3 h5 23. Ne2 h4 24. b6 Qf6 25. Rf1 Nf4 26. Bc1 Qg6 27. Ra3 Bg4 28. Nxg4
Qxg4 29. Nxf4 exf4 30. Qf3 h2+ 31. Kg2 Qxf3+ 32. Rxf3 fxg3 33. fxg3 hxg3 34.
Bf4 Rac8 35. Rxg3 Rc2+ 36. Kh1 Re2 37. Rxg7+ Kxg7 38. Bh6+ Kxh6 39. Rxf8 Rxe4
40. Rf6+ Kg5 41. Rxd6 Rxa4 42. Rd7 Rd4 43. Rxb7 Rxd5 44. Rb8 Rd7 45. b7 Rg7 46.
Kxh2 a5 1/2-1/2

[Event "Campeonato Pan-Americano Sub-20 Absoluto"]
[Site "CXSP, São Paulo"]
[Date "2012.07.01"]
[Round "5.26"]
[White "Stone, Ronnie Frank Pires"]
[Black "Gomes Silverio, Taua"]
[Result "1/2-1/2"]
[WhiteElo "1946"]
[BlackElo "1665"]
[PlyCount "67"]
[EventDate "2012.06.29"]

1. e4 e5 2. Nf3 Nc6 3. Bb5 a6 4. Ba4 Nf6 5. O-O Be7 6. Re1 b5 7. Bb3 O-O 8. h3
d6 9. c3 Na5 10. Bc2 c5 11. d4 cxd4 12. cxd4 Qc7 13. Nbd2 Bd7 14. Nf1 Rfd8 15.
Ng3 Nc6 16. d5 Nb4 17. Bb1 a5 18. a3 Na6 19. Bd2 a4 20. Qe2 Nc5 21. Ba2 Rdc8
22. Rac1 Qb7 23. Bb4 Na6 24. Nxe5 Nxb4 25. Nxd7 Nxa2 26. Nxf6+ Bxf6 27. Ra1 Nc3
28. Qg4 Nxd5 29. exd5 Qxd5 30. Rad1 Qg5 31. Qxg5 Bxg5 32. Ne4 Bf4 33. Nxd6 Bxd6
34. Rxd6 1/2-1/2